| 000 | 00452nam a2200145 a 4500 | ||
|---|---|---|---|
| 001 | 1334 | ||
| 003 | CDMR | ||
| 005 | 20130116135209.0 | ||
| 008 | 130130s1988||||||||||||||||||||||||||||d | ||
| 040 |
_aCDMR _bcat _cCPC GIRONA |
||
| 100 | 1 |
_aArceo Vacas, José Luis _91035 |
|
| 245 | 1 | 0 |
_aFundamentos para la teoría y técnica de las relaciones públicas _cArceo Vacas, José Luis |
| 260 |
_c1988 _bPromociones y Publicaciones Universitarias (PPU) |
||
| 942 | _cMON | ||
| 999 |
_c1334 _d1334 |
||